Shakespeare Character by Tweet Quiz Stats

 Plays Quiz Updated May 11, 2015

Challenge
Share
Tweet
Embed
Score 0/15 Timer 04:00
5 Plays Today
% Correct
Romeo (Romeo and Juliet)
96.2%
Hamlet (Hamlet)
85.3%
Cleopatra (Antony and Cleopatra)
78.6%
Cressida (Troilus and Cressida)
78.4%
Macbeth (Macbeth)
76.1%
Julius Caesar (Julius Caesar)
74.7%
Puck (Midsummer Night's Dream)
72.4%
Miranda (The Tempest)
70.5%
% Correct
Don John (Much Ado About Nothing)
70.3%
Goneril (King Lear)
66.1%
Desdemona (Othello)
65.4%
Kate (The Taming of the Shrew)
62.9%
Bassanio (The Merchant of Venice)
56.8%
Rosalind (As You Like It)
54.3%
Perdita (The Winter's Tale)
52.3%

You're not logged in!

Compare scores with friends on all Sporcle quizzes.
OR
Log In

You Might Also Like...

Show Comments

Extras

Top Quizzes Today


Score Distribution

Your Account Isn't Verified!

In order to create a playlist on Sporcle, you need to verify the email address you used during registration. Go to your Sporcle Settings to finish the process.

Report this User

Report this user for behavior that violates our Community Guidelines.

Details: